000 00713nmm a2200253 a 4500
003 AR-BaBNM
005 20251128203631.0
008 190020s1981 ||||||||||||||000 | spa||
040 _cAR-BaBNM
100 1 _aOquelí, Ramón
245 1 0 _aEscritos de José Cecilio del Valle
_buna selección certidumbres y vacilaciones de un provinciano
260 _aWashington, D.C.
_bOEA
_c1981
300 _a255 p.
504 _aBibliografía p. 242-253
650 4 _aLITERATURA LATINOAMERICANA
650 4 _aLITERATURA CONTEMPORANEA
650 4 _aESCRITORES
650 4 _aEDUCACION
651 4 _aGuatemala
655 _aLITERATURA
700 1 _aMeléndez, Carlos
_ecompilador
942 _cBK
998 _cCarmen
999 _c4251
_d4251